| 000 | 00779cam a2200217 4500 | ||
|---|---|---|---|
| 001 | WB3631-45 | ||
| 008 | 000000n2000 000 0 eng u | ||
| 035 | _a(Sirsi) u107574 | ||
| 245 | _aGreenbelt sites | ||
| 260 | _c2000 | ||
| 490 |
_aFinancial Times _v4 August 2000, 2(1) |
||
| 520 | _aA panel of government-appointed inspectors has recommended that greenbelts around Bristol, Bath, Cheltenham, Gloucester, Bournemouth and Poole should be reviewed as part of a plan to build over 20,000 homes a year in the south west. | ||
| 590 | _aWB | ||
| 650 | _aGREENBELT | ||
| 650 | _aSOUTH WEST | ||
| 650 | _aPLANNING POLICY | ||
| 650 | _aNEW HOMES | ||
| 650 | _aHOUSEHOLD PROJECTIONS | ||
| 690 | _aENVIRONMENTAL AND LAND CONSULTANCY-PLANNING AND DEVELOPMENT | ||
| 942 | _n0 | ||
| 999 |
_c64285 _d64285 |
||